000 01006cad a22002055a 4500
001 L155201
008 120309s2012 xxk f 000 0 eng d
035 _a(Sirsi) u155201
041 0 _aeng
110 2 _aUnited Kingdom
_bDepartment for Energy and Climate Change
_95697
245 0 0 _aEstimates of home insulation levels in Great Britain
_bJanuary 2012
260 _aLondon
_bDECC
_c2012
520 _aKey findings show that out of a total of 26.7 million homes in the UK 14.1 million had loft insulation (60% of homes with lofts), 11.2 million homes had cavity wall insulation (59% of homes with cavity walls) and 122 000 had solid wall insulation (2% of homes with solid walls).
590 _aKA NTK
651 4 _aUnited Kingdom
690 _aEnergy
_96237
690 _aSustainability
_96271
856 4 0 _uhttps://www.decc.gov.uk/assets/decc/11/stats/energy/energy-efficiency/4537-statistical-release-estimates-of-home-insulation-.pdf
_zView the item free of charge at www.decc.gov.uk
942 _n0
999 _c113391
_d113391